000 01356nam a22003857a 4500
003 CHAP
005 20220329141155.0
008 971010s1980 r 00010 d
010 _a63837
011 _a64809
035 _a70937
040 _cCHAP
090 _aTesis
100 0 0 _aCuspinera Rodríguez, Víctor Hugo.
_930748
245 1 _aEstudio comparativo del valor nutritivo del sorgo, maíz común y maíz opaco-2 en dietas para conejos en crecimiento
260 _aChapingo, Méx. :
_bEl autor,
_c1980
300 _a48 h.
502 _aTesis (Ing. Agrónomo Esp. en Zootecnia) -- UACH. Departamento de Zootecnia
590 _aALEPH
_b10
_c20130110
_lUCH01
_h1347
590 _aBATCH-UPD
_b10
_c20130110
_lUCH01
_h0642
590 _aBATCH-UPD
_b10
_c20130410
_lUCH01
_h0326
590 _aBATCH-UPD
_b10
_c20130914
_lUCH01
_h1027
590 _aCONVERSION
_b10
_c20130109
_lUCH01
_h1334
650 1 4 _aConejos
_xAlimentación.
_926353
650 1 4 _aMaíz como forraje.
_971109
650 1 4 _aMaíz opaco.
_971117
650 1 4 _aMaíz
_xValor nutritivo.
_971080
650 1 4 _aSorgo como forraje.
_9108743
650 1 4 _aSorgo
_xValor nutritivo.
_9108733
901 _aBK
942 _cFOLL
949 _bBC
_cTES
_d-146236
_eTS1
_i70937
_si
949 _bBC
_cTES
_d-146237
_eTS2
_fc.2
_i70937
_si
949 _bBC
_cTES
_d33724000685384
_eTS2
_fc.3
_h21899
_i70937
_sb
999 _c63837
_d63837